Электроды ионоселективные для определения активности (концентрации) ионов в водных растворах. Методика поверки: Государственная система обеспечения единства измерений. Рекомендации по метрологии Р 50.2.034-2004

Dades bibliogràfiques
Idioma:rus
Publicat: Москва, Госстандарт России, 2004
Edició:Изд. офиц.
Col·lecció:Рекомендации по метрологии
Matèries:
Format: MixedMaterials Llibre
KOHA link:https://koha.lib.tpu.ru/cgi-bin/koha/opac-detail.pl?biblionumber=142699

MARC

LEADER 00000nam0a2200000 4500
001 142699
005 20231101221000.0
029 1 0 |a RU  |b 50.2.034-2004  |c Р 
035 |a (RuTPU)RU\TPU\book\154629 
035 |a RU\TPU\book\154623 
090 |a 142699 
100 |a 20080910d2004 k y0rusy50 ca 
101 0 |a rus 
102 |a RU 
105 |a a l 000zy 
200 1 |a Электроды ионоселективные для определения активности (концентрации) ионов в водных растворах. Методика поверки  |e Государственная система обеспечения единства измерений. Рекомендации по метрологии Р 50.2.034-2004 
205 |a Изд. офиц. 
210 |a Москва  |c Госстандарт России  |d 2004 
215 |a 7 с. 
225 1 |a Рекомендации по метрологии 
229 |a Введены в действие Постановлением Госстандарта России от 30 января 2004 г. № 45-ст. Введены впервые 
606 1 |a Электроды ионоселективные  |2 stltpush  |3 (RuTPU)RU\TPU\subj\19968  |9 45122 
610 1 |a рекомендации по метрологии 
610 1 |a метрология 
610 1 |a электроды 
610 1 |a ионоселективные электроды 
610 1 |a показатели 
610 1 |a ионы 
610 1 |a водные растворы 
610 1 |a поверки 
610 1 |a схемы 
675 |a 544.6.076.32  |v 3 
801 1 |a RU  |b 63413507  |c 20070315  |g PSBO 
801 2 |a RU  |b 63413507  |c 20230208  |g PSBO 
942 |c BK